| 000 | 00562nam a2200217Ia 4500 | ||
|---|---|---|---|
| 003 | OSt | ||
| 005 | 20230426112340.0 | ||
| 008 | 210423s2017 xx 000 0 und d | ||
| 020 | _a9788126914333 | ||
| 040 | _cAL | ||
| 041 | _aeng | ||
| 082 |
_a822.33 S-V _223 _bBRAS |
||
| 100 |
_aBRADLEY (A C) _993230 |
||
| 245 | _aShakespearean tragedy | ||
| 260 |
_aNew Delhi _bAtlantic Publishers and Distributors _c2017 |
||
| 300 |
_axii, 444 _bPB |
||
| 365 |
_b450 _cINR |
||
| 650 |
_aEnglish Drama _993231 |
||
| 906 | _aShakespearean ; tragedy | ||
| 942 |
_2ddc _cBK |
||
| 999 |
_c170229 _d170229 |
||